00277nam a2200133Ia 45000030006000000080041000060400015000471000020000622450017000822600009000993000006001085460012001140050017001260STCL150530s9999 xx 000 0 und d aSTCLcSTCL aFrancis Parkman aOregon Trail c1952 a0 aEnglish20220125171346.0